000 00699nam a22002177a 4500
005 20100813150344.0
010 _aENG-100183
020 _a9788190715379
_c165.00
035 _aEN-83715
037 _aDBAD/PUB
082 _a628
100 _aA. Ravikrishnan
_912907
245 _aEnvironmental scince & engineering /
_cby A. Ravikrishnan
260 _aVindavasi
_bThruvalluvar Publications
_c2008
270 _aArunachal City, Chetpet Road,
_bVindavasi
_e604505
300 _averious pegings
_c18cm (Pbk)
700 _912834
700 _912835
942 _2ddc
_cEN
_h628
_mARA
999 _c41701
_d41701